| 000 | 00365cam a2200145ua 4500 | ||
|---|---|---|---|
| 041 |
_aeng _h |
||
| 082 |
_a822 _bMAR/ED |
||
| 100 | _aMarlowe, Christopher. | ||
| 245 |
_aEdward the second / _cChristopher Marlowe. _hTextual Documents |
||
| 260 |
_aLondon : _bJ M Dent and Sons Ltd , _c1966. |
||
| 300 | _a133 ; . | ||
| 504 | _a | ||
| 942 | _cBK | ||
| 999 |
_c5906 _d5906 |
||